| 000 | 00420nam a22001577a 4500 | ||
|---|---|---|---|
| 005 | 20251228142839.0 | ||
| 008 | 251228b |||||||| |||| 00| 0 eng d | ||
| 020 |
_a9780195083019 _qhbk |
||
| 041 | _aeng | ||
| 082 |
_a280.4097 _bRUB |
||
| 100 | _aRubin Julius H. | ||
| 245 |
_aReligious melancholy and Protestant experience in America _c/Julius H. Rubin |
||
| 504 | _aindex | ||
| 650 | _aReligion | ||
| 942 | _cENGLISH | ||
| 999 |
_c605554 _d605554 |
||